000 00717nam a2200193 i 4500
001 67207
003 ES-MaACL
005 20230906170012.0
007 t|
008 040511s1997 sp ||||1| spa d
080 _a341.232(4-13 : 6-17)
110 2 _aOrganización Carta Mediterránea.
_96054
245 1 3 _aLa Carta Mediterránea
_b: texto final = La Charte Méditerraneénne : texte final.
260 _aMadrid :
_bCarlos Bruquetas Galán,
_c1997.
300 _a51, [15] p. ;
_c20 cm.
500 _aTexto en español, en francés, en inglés, en italiano y en árabe.
650 4 _aDesarrollo económico-
_zMediterráneo (Región)-
_xCooperación internacional.
_911802
852 _aES-MaACL
_j2177-F-12
_bR.132900
999 _c67207
_d67207